[Event "4. Open Memorial Pedro Lezcano 2011"]
[Site "Gran Canaria ESP"]
[Date "2011.04.23"]
[Round "8.25"]
[White "Galvan Sarmiento, Jose Luis"]
[Black "Aguila Hernandez, Eduardo"]
[Result "0-1"]
[WhiteElo "1997"]
[BlackElo "1697"]
[PlyCount "152"]
[EventDate "2011.04.18"]
[EventType "swiss"]
[EventRounds "9"]
[EventCountry "ESP"]
[Source "lmi"]
[SourceDate "2011.04.18"]

1. d4 d5 2. Nf3 Nf6 3. h3 e6 4. Bf4 Bd6 5. Ne5 O-O 6. e3 c5 7. c3 Nbd7 8. Nxf7
Rxf7 9. Bxd6 Ne4 10. Bf4 g5 11. Bg3 Nxg3 12. fxg3 Qf6 13. Qd2 c4 14. b3 b5 15.
a4 bxa4 16. bxc4 dxc4 17. Bxc4 Nb6 18. Bd3 Bb7 19. e4 Raf8 20. Ra2 Qg6 21. Qe3
Rc7 22. Rf1 Rxf1+ 23. Kxf1 Qh5 24. Qe2 Qg6 25. Kg1 Qf7 26. Rc2 Qg7 27. Kh2 Ba8
28. Na3 Qe7 29. Nc4 Nxc4 30. Bxc4 Bxe4 31. Qxe4 Rxc4 32. Qe5 a3 33. Qb8+ Kg7
34. Qb3 Rc8 35. Ra2 h5 36. Rxa3 h4 37. gxh4 gxh4 38. Kg1 Rf8 39. Ra1 Qf6 40.
Rxa7+ Kh8 41. Ra1 Qf2+ 42. Kh1 Rg8 43. Qb7 Qe2 44. Qc6 Rf8 45. Qc7 Rg8 46. Qe5+
Qxe5 47. dxe5 Kg7 48. Ra7+ Kg6 49. Rc7 Kf5 50. Rc5 Rg3 51. Kg1 Rd3 52. Kf2 Rd2+
53. Kf3 Rd3+ 54. Ke2 Rg3 55. Kf2 Rd3 56. c4 Ke4 57. Rc8 Rd2+ 58. Kg1 Kxe5 59.
c5 Rc2 60. Rh8 Rc4 61. Kf2 Rxc5 62. Rxh4 Rc3 63. Rh8 Ke4 64. Rh4+ Ke5 65. Rg4
Kf5 66. Rd4 e5 67. Rd2 Kf4 68. Re2 Ra3 69. Rb2 Rc3 70. Rb4+ e4 71. Rb2 Ra3 72.
Re2 Rb3 73. h4 e3+ 74. Kg1 Kg3 75. Re1 e2 76. h5 Rd3 0-1

[Event "4. Open Memorial Pedro Lezcano 2011"]
[Site "Gran Canaria ESP"]
[Date "2011.04.24"]
[Round "9.2"]
[White "Strikovic, Aleksa"]
[Black "Barlov, Dragan"]
[Result "1/2-1/2"]
[WhiteElo "2570"]
[BlackElo "2472"]
[PlyCount "20"]
[EventDate "2011.04.18"]
[EventType "swiss"]
[EventRounds "9"]
[EventCountry "ESP"]
[Source "lmi"]
[SourceDate "2011.04.18"]

1. c4 c5 2. Nf3 Nc6 3. g3 g6 4. Bg2 Bg7 5. O-O Nf6 6. Nc3 O-O 7. d4 d6 8. dxc5
dxc5 9. Be3 Be6 10. Bxc5 Bxc4 1/2-1/2

[Event "4. Open Memorial Pedro Lezcano 2011"]
[Site "Gran Canaria ESP"]
[Date "2011.04.24"]
[Round "9.3"]
[White "Hernando Rodrigo, Jose Maria"]
[Black "Vera Gonzalez-Quevedo, Reynaldo"]
[Result "0-1"]
[WhiteElo "2313"]
[BlackElo "2518"]
[PlyCount "102"]
[EventDate "2011.04.18"]
[EventType "swiss"]
[EventRounds "9"]
[EventCountry "ESP"]
[Source "lmi"]
[SourceDate "2011.04.18"]

1. d4 d5 2. c4 e6 3. cxd5 exd5 4. Nc3 c6 5. Qc2 Be7 6. Nf3 Nf6 7. Bg5 g6 8. e3
Bf5 9. Bd3 Bxd3 10. Qxd3 O-O 11. Bxf6 Bxf6 12. O-O Be7 13. Ne5 Nd7 14. Nxd7
Qxd7 15. Rac1 Bd6 16. a3 Rae8 17. b4 a6 18. e4 dxe4 19. Nxe4 Qf5 20. Rfe1 Re6
21. Nc5 Qxd3 22. Nxd3 Rfe8 23. Rxe6 Rxe6 24. Nc5 Re7 25. Kf1 Kf8 26. Nxa6 Bf4
27. Rc2 bxa6 28. g3 Bg5 29. Rxc6 Re6 30. Rc5 Bd8 31. d5 Rd6 32. Ke2 Ke7 33. f4
Bb6 34. Rc8 Rxd5 35. Ra8 a5 36. Ra6 Bc7 37. Rc6 Bd6 38. Rb6 axb4 39. Rb7+ Ke6
40. axb4 Rd4 41. b5 Rb4 42. Kf3 Rb2 43. h3 h5 44. h4 Rb3+ 45. Kg2 Bb4 46. Rb6+
Kf5 47. Rc6 Kg4 48. f5 Rb2+ 49. Kf1 Kf3 50. Rc1 Bd2 51. Rd1 Be3 0-1

[Event "4. Open Memorial Pedro Lezcano 2011"]
[Site "Gran Canaria ESP"]
[Date "2011.04.24"]
[Round "9.4"]
[White "Garcia Padron, Jose"]
[Black "Garcia Blanco, Omar"]
[Result "0-1"]
[WhiteElo "2434"]
[BlackElo "2209"]
[PlyCount "114"]
[EventDate "2011.04.18"]
[EventType "swiss"]
[EventRounds "9"]
[EventCountry "ESP"]
[Source "lmi"]
[SourceDate "2011.04.18"]

1. e4 c5 2. f4 e6 3. Nf3 Nc6 4. Nc3 Nge7 5. Bb5 a6 6. Bxc6 Nxc6 7. O-O d6 8. d3
Be7 9. Qe1 O-O 10. Be3 d5 11. Bd2 b5 12. Kh1 b4 13. Ne2 f5 14. Ng3 Bf6 15. Rb1
g6 16. c3 a5 17. Be3 d4 18. cxd4 Nxd4 19. Qf2 Bb7 20. Rbc1 Nxf3 21. gxf3 Qxd3
22. Rfd1 Qa6 23. Bxc5 Rfd8 24. Bd4 Bxd4 25. Rxd4 Qb6 26. Rxd8+ Qxd8 27. Kg2 Qd6
28. Qe3 Rd8 29. Rc2 Qd1 30. Re2 Ba6 31. Rf2 Qd4 32. Qc1 Qc4 33. Qe3 Qd4 34. Qb3
Qc4 35. Qa4 Qb5 36. Qc2 Qc4 37. Qb1 a4 38. b3 axb3 39. axb3 Qc3 40. Qa2 Ra8 41.
Ne2 Qe3 42. exf5 Bb7 43. Qc2 gxf5 44. Qd1 Bd5 45. Qc2 Rf8 46. Qc7 Bxf3+ 47.
Rxf3 Qxe2+ 48. Kg3 Kh8 49. Qe5+ Qxe5 50. fxe5 Rc8 51. Kf4 Rc3 52. Rg3 Rxg3 53.
hxg3 Kg7 54. Kg5 h6+ 55. Kf4 Kg6 56. Ke3 Kg5 57. Kd4 f4 0-1

[Event "4. Open Memorial Pedro Lezcano 2011"]
[Site "Gran Canaria ESP"]
[Date "2011.04.24"]
[Round "9.5"]
[White "Fernandez Manrique, Agustin"]
[Black "Cabrera Trujillo, Jorge"]
[Result "1/2-1/2"]
[WhiteElo "2158"]
[BlackElo "2392"]
[PlyCount "72"]
[EventDate "2011.04.18"]
[EventType "swiss"]
[EventRounds "9"]
[EventCountry "ESP"]
[Source "lmi"]
[SourceDate "2011.04.18"]

1. Nf3 d5 2. c4 c6 3. g3 Nf6 4. Bg2 dxc4 5. Qc2 Qd5 6. Nc3 Qh5 7. Nd1 Be6 8.
Ne3 Qg6 9. Qxg6 hxg6 10. Ne5 Nbd7 11. N3xc4 Bd5 12. f3 c5 13. e4 Rh5 14. Nxd7
Bxc4 15. Nxf8 Kxf8 16. b3 Bb5 17. Bb2 Nd7 18. d4 cxd4 19. Bxd4 Rc8 20. Kd2 a6
21. g4 Rh8 22. h4 e5 23. Bf2 Ke7 24. Rac1 Bc6 25. g5 Rhd8 26. Ke1 Bb5 27. Rxc8
Rxc8 28. Kd2 Nc5 29. Bxc5+ Rxc5 30. Bf1 Bd7 31. Bc4 b5 32. Bd3 b4 33. Rc1 a5
34. Bb5 Be6 35. Bd7 Kxd7 36. Kd3 Ke7 1/2-1/2

[Event "4. Open Memorial Pedro Lezcano 2011"]
[Site "Gran Canaria ESP"]
[Date "2011.04.24"]
[Round "9.6"]
[White "Del Rey, Diego"]
[Black "Sanchez Quintero, Raul"]
[Result "1-0"]
[WhiteElo "2364"]
[BlackElo "2054"]
[PlyCount "39"]
[EventDate "2011.04.18"]
[EventType "swiss"]
[EventRounds "9"]
[EventCountry "ESP"]
[Source "lmi"]
[SourceDate "2011.04.18"]

1. d4 d5 2. c4 e6 3. Nf3 Nf6 4. Nc3 Be7 5. Bf4 O-O 6. e3 c5 7. dxc5 Qa5 8. Nd2
Nc6 9. Nb3 Qd8 10. Be2 a5 11. Na4 e5 12. Bg5 Be6 13. Nb6 dxc4 14. Nxa8 Qxa8 15.
Nd2 Rd8 16. Bxf6 gxf6 17. Bxc4 Bxc4 18. Qg4+ Kf8 19. Nxc4 Bxc5 20. O-O 1-0

[Event "4. Open Memorial Pedro Lezcano 2011"]
[Site "Gran Canaria ESP"]
[Date "2011.04.24"]
[Round "9.7"]
[White "Perez Felipe, Marcos Adrian"]
[Black "Perez Aleman, Pedro Tomas"]
[Result "1/2-1/2"]
[WhiteElo "2310"]
[BlackElo "2108"]
[PlyCount "45"]
[EventDate "2011.04.18"]
[EventType "swiss"]
[EventRounds "9"]
[EventCountry "ESP"]
[Source "lmi"]
[SourceDate "2011.04.18"]

1. d4 Nf6 2. c4 d6 3. Nc3 e5 4. Nf3 e4 5. Ng5 Qe7 6. f3 exf3 7. gxf3 h6 8. Nh3
g5 9. Nf2 Nc6 10. h4 gxh4 11. Rxh4 Bg7 12. Nd5 Qd8 13. Rh1 Nxd5 14. cxd5 Nxd4
15. Rg1 Qe7 16. e4 f5 17. Rxg7 Qxg7 18. Be3 c5 19. dxc6 Nxc6 20. Qxd6 Qe7 21.
Qg6+ Qf7 22. Qd6 Qe7 23. Qg6+ 1/2-1/2

[Event "4. Open Memorial Pedro Lezcano 2011"]
[Site "Gran Canaria ESP"]
[Date "2011.04.24"]
[Round "9.8"]
[White "Gutierrez Olivares, Daniel"]
[Black "Rodriguez Lapetra, Pablo"]
[Result "1-0"]
[WhiteElo "2205"]
[BlackElo "2105"]
[PlyCount "35"]
[EventDate "2011.04.18"]
[EventType "swiss"]
[EventRounds "9"]
[EventCountry "ESP"]
[Source "lmi"]
[SourceDate "2011.04.18"]

1. Nf3 Nf6 2. c4 g6 3. Nc3 d5 4. cxd5 Nxd5 5. Qa4+ Bd7 6. Qh4 Nxc3 7. dxc3 Nc6
8. e4 e5 9. Bg5 Be7 10. Bc4 Bxg5 11. Nxg5 h6 12. Bxf7+ Kf8 13. O-O-O Qe7 14.
Bxg6 Kg7 15. Rxd7 Qxd7 16. Bf5 Qe8 17. Ne6+ Kf7 18. Nxc7 1-0

[Event "4. Open Memorial Pedro Lezcano 2011"]
[Site "Gran Canaria ESP"]
[Date "2011.04.24"]
[Round "9.9"]
[White "Herrera Reyes, Jose Antonio"]
[Black "Natalicchio Escalante, Nicolas"]
[Result "0-1"]
[WhiteElo "2111"]
[BlackElo "2201"]
[PlyCount "108"]
[EventDate "2011.04.18"]
[EventType "swiss"]
[EventRounds "9"]
[EventCountry "ESP"]
[Source "lmi"]
[SourceDate "2011.04.18"]

1. e4 g6 2. g3 d5 3. e5 c5 4. Bg2 Nc6 5. f4 Nh6 6. Nf3 Bg4 7. O-O Nf5 8. c3 h5
9. Qb3 Qd7 10. Ng5 e6 11. Re1 c4 12. Qb5 a6 13. Qb6 Nh6 14. b4 Be7 15. a4 Bf5
16. Ba3 Bd8 17. Qc5 Rc8 18. h3 Ne7 19. Qf2 Qxa4 20. Nf3 Qd7 21. Nd4 Bb6 22. b5
axb5 23. Bxe7 Qxe7 24. Na3 b4 25. Nab5 O-O 26. Nd6 b3 27. Nxc8 Rxc8 28. Kh2
Bxd4 29. Qxd4 b2 30. Rab1 Bxb1 31. Rxb1 Qc5 32. Qxc5 Rxc5 33. Rxb2 Ra5 34. Bf3
b5 35. g4 hxg4 36. hxg4 Kg7 37. Kg3 g5 38. fxg5 Ng8 39. Bd1 Ne7 40. Bc2 Ng6 41.
Bxg6 Kxg6 42. Kf4 Ra1 43. Rxb5 Rf1+ 44. Kg3 Kxg5 45. Rb8 Rd1 46. Rg8+ Kh6 47.
Rh8+ Kg6 48. Rh2 Re1 49. Kf3 Rxe5 50. Rh1 Re4 51. Rg1 Kg5 52. Rh1 Rxg4 53. Rh7
Rf4+ 54. Kg3 Rf1 0-1

[Event "4. Open Memorial Pedro Lezcano 2011"]
[Site "Gran Canaria ESP"]
[Date "2011.04.24"]
[Round "9.11"]
[White "Vega Gutierrez, Belinda"]
[Black "Gonzalez Intelangelo, Gerardo"]
[Result "1-0"]
[WhiteElo "2255"]
[BlackElo "2061"]
[PlyCount "133"]
[EventDate "2011.04.18"]
[EventType "swiss"]
[EventRounds "9"]
[EventCountry "ESP"]
[Source "lmi"]
[SourceDate "2011.04.18"]

1. e4 d5 2. exd5 Qxd5 3. Nc3 Qa5 4. d4 Nf6 5. Nf3 c6 6. Bd2 Qc7 7. Bc4 Bf5 8.
Ne5 e6 9. Qe2 Nbd7 10. O-O-O Nxe5 11. dxe5 Nd7 12. g4 Bg6 13. f4 O-O-O 14. Rhf1
h6 15. f5 exf5 16. gxf5 Bh7 17. Bf4 Nb6 18. Rxd8+ Qxd8 19. Bxf7 Bxf5 20. e6 Qf6
21. Kb1 Be7 22. a4 Rd8 23. Be5 Qg5 24. h4 Qg4 25. Qxg4 Bxg4 26. Bxg7 Nc4 27.
Rf4 Nd2+ 28. Ka2 h5 29. Bf6 Bxf6 30. Rxf6 Rh8 31. e7 Kd7 32. e8=Q+ Rxe8 33.
Bxe8+ Kxe8 34. a5 a6 35. Rh6 Nf3 36. Ne4 Kf7 37. Rh7+ Kg6 38. Rxb7 Nxh4 39. Rb6
Bf3 40. Rxc6+ Kf5 41. Nd6+ Kf4 42. Rxa6 Ng2 43. Rb6 h4 44. Rb4+ Ke5 45. Nc4+
Ke6 46. Nd2 Ba8 47. Nf1 h3 48. Nh2 Ne3 49. Rh4 Bg2 50. c3 Kf6 51. a6 Kg5 52.
Rh8 Kf4 53. a7 Kg3 54. a8=Q Bxa8 55. Rxa8 Kxh2 56. Rg8 Nf5 57. b4 Ng3 58. b5
Kg2 59. Rh8 Ne4 60. Kb3 h2 61. Kb4 h1=Q 62. Rxh1 Kxh1 63. c4 Kg2 64. c5 Nf6 65.
b6 Nd7 66. b7 Nb8 67. Kb5 1-0

[Event "4. Open Memorial Pedro Lezcano 2011"]
[Site "Gran Canaria ESP"]
[Date "2011.04.24"]
[Round "9.12"]
[White "Navarro Molina, David"]
[Black "Meneses Gonzalez, Kevin Moises"]
[Result "0-1"]
[WhiteElo "2055"]
[BlackElo "2150"]
[PlyCount "102"]
[EventDate "2011.04.18"]
[EventType "swiss"]
[EventRounds "9"]
[EventCountry "ESP"]
[Source "lmi"]
[SourceDate "2011.04.18"]

1. d4 Nf6 2. Nf3 g6 3. c4 Bg7 4. Nc3 O-O 5. e4 d6 6. Be2 e5 7. O-O c6 8. Re1
Nbd7 9. Bf1 a5 10. Rb1 exd4 11. Nxd4 Re8 12. f3 Nc5 13. Be3 a4 14. Qd2 Qa5 15.
Rbd1 a3 16. b3 Ne6 17. Kh1 Nh5 18. g3 Nf6 19. Bg2 Bd7 20. Bg1 h5 21. Nc2 h4 22.
gxh4 Nh5 23. Ne2 Be5 24. Qxa5 Rxa5 25. b4 Raa8 26. c5 Nef4 27. cxd6 Be6 28. Nc1
Bb2 29. Bb6 Bxc1 30. Rxc1 Nd3 31. Bf1 Nxc1 32. Rxc1 Nf6 33. Bd3 Ra4 34. Bd4 Nd7
35. h5 Bxa2 36. Ra1 Bb3 37. Nxa3 Rea8 38. Bb2 Rxb4 39. hxg6 fxg6 40. Rg1 Bf7
41. Bc1 Rb3 42. Bc4 Rbxa3 43. Rxg6+ Kh7 44. Bxf7 Rxf3 45. Rh6+ Kg7 46. Be6 Rf1+
47. Kg2 Rxc1 48. Rh5 Nf8 49. Bf5 Rc3 50. Kg1 Ra1+ 51. Kf2 Ra2+ 0-1

[Event "4. Open Memorial Pedro Lezcano 2011"]
[Site "Gran Canaria ESP"]
[Date "2011.04.24"]
[Round "9.13"]
[White "Lopez De Turiso, Jose Angel"]
[Black "Camino Carrio, Nicanor"]
[Result "0-1"]
[WhiteElo "2053"]
[BlackElo "2147"]
[PlyCount "132"]
[EventDate "2011.04.18"]
[EventType "swiss"]
[EventRounds "9"]
[EventCountry "ESP"]
[Source "lmi"]
[SourceDate "2011.04.18"]

1. Nf3 Nf6 2. c4 g6 3. Nc3 Bg7 4. d4 O-O 5. e4 d6 6. Be2 e5 7. dxe5 dxe5 8.
Qxd8 Rxd8 9. Bg5 Re8 10. O-O-O Na6 11. Nd2 c6 12. f3 Be6 13. Nb3 Nd7 14. Be3 b6
15. Rd2 Bf8 16. Rhd1 Ndc5 17. Nxc5 Nxc5 18. Kc2 a6 19. g3 b5 20. b4 Nb7 21. c5
a5 22. a3 axb4 23. axb4 Ra3 24. Rb1 Rea8 25. Rdd1 f6 26. Bc1 R3a7 27. Nxb5 cxb5
28. Bxb5 Nxc5 29. bxc5 Bxc5 30. Bc6 Rc8 31. Bd5 Bd4+ 32. Kd3 Bxd5 33. exd5 Rc5
34. Bh6 Rxd5 35. Rb8+ Kf7 36. Rf8+ Ke6 37. Re8+ Re7 38. Rxe7+ Kxe7 39. Ke2 Ra5
40. Rd2 Ke6 41. Be3 Kd5 42. Rc2 Ra3 43. Bc1 Ra7 44. Be3 f5 45. Bf2 Ra1 46. Be1
Bg1 47. Kf1 Bd4 48. Ke2 h5 49. Rc8 Ra2+ 50. Bd2 Bg1 51. Rg8 Bxh2 52. Rxg6 h4
53. Kd3 hxg3 54. Rg5 Ra3+ 55. Bc3 f4 56. Rxe5+ Kd6 57. Rg5 Bg1 58. Rg6+ Kd7 59.
Rg4 Be3 60. Kc4 Ra2 61. Kd5 g2 62. Rg7+ Kc8 63. Bd4 Rd2 64. Rg8+ Kb7 65. Rg7+
Ka6 66. Rg6+ Ka5 0-1

[Event "4. Open Memorial Pedro Lezcano 2011"]
[Site "Gran Canaria ESP"]
[Date "2011.04.24"]
[Round "9.14"]
[White "Capote Robayna, Nathaniel"]
[Black "Menvielle Laccourreye, Augusto"]
[Result "0-1"]
[WhiteElo "1962"]
[BlackElo "2265"]
[PlyCount "48"]
[EventDate "2011.04.18"]
[EventType "swiss"]
[EventRounds "9"]
[EventCountry "ESP"]
[Source "lmi"]
[SourceDate "2011.04.18"]

1. d4 f5 2. Nc3 d5 3. Bg5 c6 4. e3 Be6 5. h4 Nd7 6. Nf3 Ngf6 7. Bf4 Qb6 8. Rb1
Ne4 9. Bd3 g6 10. h5 Bg7 11. Bxe4 dxe4 12. Nd2 Bf7 13. O-O e5 14. dxe5 Nxe5 15.
Qe2 gxh5 16. Rfd1 Qc5 17. Nb3 Qe7 18. Nd4 Qf6 19. b3 h4 20. Na4 h3 21. g3 O-O-O
22. Qe1 Rxd4 23. Qa5 Qd8 24. Qxa7 Nf3+ 0-1

[Event "4. Open Memorial Pedro Lezcano 2011"]
[Site "Gran Canaria ESP"]
[Date "2011.04.24"]
[Round "9.15"]
[White "Perez Rosales, Pedro"]
[Black "Rodriguez Perez, David"]
[Result "1-0"]
[WhiteElo "2148"]
[BlackElo "2029"]
[PlyCount "59"]
[EventDate "2011.04.18"]
[EventType "swiss"]
[EventRounds "9"]
[EventCountry "ESP"]
[Source "lmi"]
[SourceDate "2011.04.18"]

1. e4 c5 2. Nc3 Nc6 3. g3 g6 4. Bg2 Bg7 5. Nf3 d6 6. O-O e6 7. d3 Nge7 8. Be3
Nd4 9. Qd2 Nec6 10. Ne1 O-O 11. Nd1 e5 12. c3 Ne6 13. f4 f5 14. Nf3 Qf6 15.
exf5 gxf5 16. Nf2 Bd7 17. Rae1 Rae8 18. Nh3 Ne7 19. fxe5 dxe5 20. Nhg5 f4 21.
Ne4 Qh6 22. Bxc5 Nxc5 23. Nxc5 Bc6 24. Nxe5 Bxg2 25. Qxg2 Qd6 26. d4 Nd5 27.
Nxb7 Qe6 28. Nc5 Qd6 29. Nc4 Qd8 30. Ne6 1-0

[Event "4. Open Memorial Pedro Lezcano 2011"]
[Site "Gran Canaria ESP"]
[Date "2011.04.24"]
[Round "9.16"]
[White "Lopez Pereyra, Antonio"]
[Black "Buet, Samuel"]
[Result "1-0"]
[WhiteElo "2119"]
[BlackElo "1858"]
[PlyCount "63"]
[EventDate "2011.04.18"]
[EventType "swiss"]
[EventRounds "9"]
[EventCountry "ESP"]
[Source "lmi"]
[SourceDate "2011.04.18"]

1. e4 c5 2. Nf3 d6 3. d4 cxd4 4. Nxd4 Nf6 5. Nc3 g6 6. Bg5 Bg7 7. Bb5+ Bd7 8.
Qe2 O-O 9. O-O-O Nc6 10. Nb3 a5 11. Bxc6 bxc6 12. e5 a4 13. exf6 exf6 14. Be3
axb3 15. cxb3 Qb8 16. Qd2 d5 17. Na4 c5 18. Nxc5 Bf5 19. a3 Rc8 20. b4 Qb5 21.
Qc3 Be6 22. Bd4 Bh6+ 23. Kb1 Bf5+ 24. Ka1 Bf8 25. f3 Be6 26. h4 Bd6 27. h5 g5
28. h6 Rxc5 29. Bxc5 d4 30. Rxd4 Be5 31. Qd3 Qa4 32. Rd8+ 1-0

[Event "4. Open Memorial Pedro Lezcano 2011"]
[Site "Gran Canaria ESP"]
[Date "2011.04.24"]
[Round "9.17"]
[White "Lopez Colon, Francisco"]
[Black "Viera Falcon, Cristo"]
[Result "0-1"]
[WhiteElo "2099"]
[BlackElo "1805"]
[PlyCount "54"]
[EventDate "2011.04.18"]
[EventType "swiss"]
[EventRounds "9"]
[EventCountry "ESP"]
[Source "lmi"]
[SourceDate "2011.04.18"]

1. d4 Nc6 2. e4 e5 3. d5 Nce7 4. Nc3 Ng6 5. g3 a6 6. h4 h5 7. Be2 Nf6 8. Bg5
Bc5 9. f4 exf4 10. gxf4 d6 11. f5 Ne5 12. Bxh5 g6 13. fxg6 Rxh5 14. gxf7+ Nxf7
15. Qf3 Nxg5 16. hxg5 Rxh1 17. Qxh1 Ng8 18. Qh5+ Kf8 19. Ke2 Kg7 20. Rf1 Qd7
21. Nf3 Qg4 22. Qh2 Bd7 23. Rh1 Bb5+ 24. Ke1 Qxf3 25. Qh7+ Kf8 26. Nxb5 Bf2+
27. Kd2 Be3+ 0-1

[Event "4. Open Memorial Pedro Lezcano 2011"]
[Site "Gran Canaria ESP"]
[Date "2011.04.24"]
[Round "9.18"]
[White "Castilla Arteaga, Carlos David"]
[Black "Molina Rodriguez, Borja"]
[Result "1-0"]
[WhiteElo "1795"]
[BlackElo "2079"]
[PlyCount "107"]
[EventDate "2011.04.18"]
[EventType "swiss"]
[EventRounds "9"]
[EventCountry "ESP"]
[Source "lmi"]
[SourceDate "2011.04.18"]

1. e4 c5 2. Nf3 Nc6 3. d4 cxd4 4. Nxd4 Nf6 5. Nc3 e5 6. Nxc6 bxc6 7. Bc4 Bb4 8.
O-O O-O 9. Qf3 d5 10. exd5 Bg4 11. Qd3 Bxc3 12. Qxc3 cxd5 13. Bb3 Qd6 14. Qg3
Bf5 15. c3 Ne4 16. Qf3 Be6 17. Be3 f5 18. Rad1 Nf6 19. Bg5 Rad8 20. Rfe1 Rd7
21. Bxf6 gxf6 22. Kh1 f4 23. c4 d4 24. c5 Qe7 25. Qg4+ Kf7 26. Qh5+ Kg7 27. Bc2
Kh8 28. Bf5 Rg8 29. Bxe6 Qxe6 30. Qf3 Qxa2 31. Qc6 Rf7 32. Qe4 Qxb2 33. Re2 Qa3
34. Qd5 Rfg7 35. f3 Rc8 36. Rc2 Rgc7 37. Qe6 Rc6 38. Qf7 Qe3 39. Rb2 R6c7 40.
Qxf6+ Kg8 41. Qe6+ Kg7 42. Qg4+ Kh8 43. Rb7 Qc3 44. Rxc7 Rxc7 45. Rb1 h5 46.
Rb8+ Kh7 47. Qxh5+ Kg7 48. Qh8+ Kg6 49. Rg8+ Kf7 50. Rg7+ Ke6 51. Qg8+ Kf5 52.
Rg5+ Kf6 53. Qg6+ Ke7 54. Rxe5+ 1-0

[Event "4. Open Memorial Pedro Lezcano 2011"]
[Site "Gran Canaria ESP"]
[Date "2011.04.24"]
[Round "9.19"]
[White "Rodriguez Ferraz, Borja"]
[Black "Acosta Sosa, Juan Manuel"]
[Result "1/2-1/2"]
[WhiteElo "2079"]
[BlackElo "2066"]
[PlyCount "21"]
[EventDate "2011.04.18"]
[EventType "swiss"]
[EventRounds "9"]
[EventCountry "ESP"]
[Source "lmi"]
[SourceDate "2011.04.18"]

1. e4 e5 2. Nc3 Nc6 3. Bc4 Nf6 4. d3 h6 5. Nf3 Bc5 6. Be3 Bb6 7. Nd5 d6 8. Nxb6
axb6 9. c3 O-O 10. h3 Be6 11. Bb3 1/2-1/2

[Event "4. Open Memorial Pedro Lezcano 2011"]
[Site "Gran Canaria ESP"]
[Date "2011.04.24"]
[Round "9.20"]
[White "Capote Robayna, Johanna"]
[Black "Nortes Hernandez, Pedro"]
[Result "1/2-1/2"]
[WhiteElo "1780"]
[BlackElo "2034"]
[PlyCount "26"]
[EventDate "2011.04.18"]
[EventType "swiss"]
[EventRounds "9"]
[EventCountry "ESP"]
[Source "lmi"]
[SourceDate "2011.04.18"]

1. e4 c5 2. Nf3 e6 3. d4 cxd4 4. Nxd4 Nc6 5. Nc3 a6 6. Be3 Qc7 7. Be2 Nf6 8.
O-O Be7 9. Kh1 O-O 10. f4 d6 11. Qe1 Bd7 12. Qg3 b5 13. a3 Rfd8 1/2-1/2

[Event "4. Open Memorial Pedro Lezcano 2011"]
[Site "Gran Canaria ESP"]
[Date "2011.04.24"]
[Round "9.21"]
[White "Korneev, Svyatoslav"]
[Black "Perez Celis, Alba"]
[Result "1-0"]
[WhiteElo "1846"]
[BlackElo "1843"]
[PlyCount "89"]
[EventDate "2011.04.18"]
[EventType "swiss"]
[EventRounds "9"]
[EventCountry "ESP"]
[Source "lmi"]
[SourceDate "2011.04.18"]

1. c4 e5 2. Nc3 Nf6 3. g3 g6 4. Bg2 Bg7 5. e3 O-O 6. Nge2 d6 7. a3 a5 8. Rb1 c6
9. O-O Be6 10. d3 d5 11. b3 Qe7 12. Bb2 Nbd7 13. Qc2 Rfd8 14. e4 d4 15. Nd1 Nh5
16. f4 exf4 17. gxf4 Bg4 18. Bc1 Qh4 19. Nf2 Bxe2 20. Qxe2 Nxf4 21. Qf3 Nxg2
22. Qxg2 Ne5 23. Bg5 Qh5 24. Bxd8 Rxd8 25. Rbd1 Nf3+ 26. Kh1 Ne5 27. Nh3 Bh6
28. Qg3 Ng4 29. Qf3 Rf8 30. Rg1 Nf2+ 31. Qxf2 Qxh3 32. Rg3 Qh5 33. Rf1 Be3 34.
Qg2 c5 35. Rgf3 Kg7 36. Rf5 g5 37. Rxc5 b6 38. Rb5 Rb8 39. Rg1 h6 40. Rf1 Kf8
41. Qf3 Qg6 42. Qf6 Qh5 43. Qh8+ Ke7 44. Qe5+ Kf8 45. Qxb8+ 1-0

[Event "4. Open Memorial Pedro Lezcano 2011"]
[Site "Gran Canaria ESP"]
[Date "2011.04.24"]
[Round "9.22"]
[White "Aguila Hernandez, Eduardo"]
[Black "Rossello Padron, Carlos"]
[Result "1/2-1/2"]
[WhiteElo "1697"]
[BlackElo "2085"]
[PlyCount "134"]
[EventDate "2011.04.18"]
[EventType "swiss"]
[EventRounds "9"]
[EventCountry "ESP"]
[Source "lmi"]
[SourceDate "2011.04.18"]

1. e4 Nf6 2. e5 Nd5 3. Nc3 Nxc3 4. bxc3 d6 5. exd6 exd6 6. Nf3 Qe7+ 7. Be2 g6
8. O-O Bg7 9. Bb5+ c6 10. Re1 Be6 11. Ba4 O-O 12. d4 d5 13. Ng5 a5 14. a3 h6
15. Nxe6 fxe6 16. Qg4 Rf6 17. Bf4 Qf7 18. Be5 Rxf2 19. Qg3 Bxe5 20. Qxf2 Bxh2+
21. Kf1 Nd7 22. Qxf7+ Kxf7 23. Kf2 Bd6 24. Re2 e5 25. dxe5 Nxe5 26. Rb1 Rb8 27.
Bb3 Ng4+ 28. Kf3 h5 29. c4 Ne5+ 30. Rxe5 Bxe5 31. cxd5 Kf6 32. dxc6 bxc6 33. a4
Rb4 34. Re1 g5 35. Re4 Rb6 36. Rc4 Bd6 37. Ke3 Kf5 38. Rc3 Bb4 39. Rc4 c5 40.
Kf3 Rd6 41. g4+ hxg4+ 42. Rxg4 Rd1 43. Rg2 Rd4 44. Bf7 Bc3 45. Be8 Bd2 46. Bb5
Bf4 47. Rg4 Rd2 48. Rg2 Rd1 49. Rg4 Rd4 50. Rg2 c4 51. Rg4 c3 52. Rg2 Bd2 53.
Ke2 Ke5 54. Rg3 Kd5 55. Rd3 Rxd3 56. Kxd3 g4 57. Bc4+ Kc5 58. Bb3 g3 59. Ke2
Kd4 60. Kf3 Bf4 61. Be6 Bd6 62. Bg8 Bc7 63. Bf7 Ke5 64. Bg8 Kf5 65. Bf7 Kg5 66.
Bg8 Kf5 67. Bf7 Be5 1/2-1/2

[Event "4. Open Memorial Pedro Lezcano 2011"]
[Site "Gran Canaria ESP"]
[Date "2011.04.24"]
[Round "9.23"]
[White "Martin Hernandez, Ruben"]
[Black "Leon Manas, Jose Francisco"]
[Result "1-0"]
[WhiteElo "2095"]
[BlackElo "1697"]
[PlyCount "95"]
[EventDate "2011.04.18"]
[EventType "swiss"]
[EventRounds "9"]
[EventCountry "ESP"]
[Source "lmi"]
[SourceDate "2011.04.18"]

1. Nf3 Nc6 2. c4 e5 3. d3 Nf6 4. g3 Be7 5. Bg2 d6 6. Nc3 O-O 7. O-O Bf5 8. Nd5
Nxd5 9. cxd5 Nb8 10. Be3 Nd7 11. Rc1 Nb6 12. Qb3 Bd7 13. Nd2 Re8 14. Nc4 Bf6
15. Na5 Qc8 16. Qc2 Bd8 17. d4 Bf5 18. Qb3 exd4 19. Bxd4 Rxe2 20. Rfe1 Re7 21.
Qc3 Rxe1+ 22. Rxe1 f6 23. Qf3 Rb8 24. Re8+ Kf7 25. Rxd8 Qxd8 26. Qxf5 Qe7 27.
Bc3 Kg8 28. Be4 g6 29. Qxf6 Qxf6 30. Bxf6 Nd7 31. Bd4 a6 32. Kg2 Nc5 33. Bf3
Kf7 34. Nc4 b6 35. h4 a5 36. Ne3 h5 37. Kf1 Rf8 38. Ng2 Nd3 39. Be4 Ne5 40. Nf4
Rg8 41. Bxe5 dxe5 42. d6 cxd6 43. Bd5+ Kg7 44. Bxg8 Kxg8 45. Nd5 b5 46. Nc3 b4
47. Ne4 d5 48. Nf6+ 1-0

[Event "4. Open Memorial Pedro Lezcano 2011"]
[Site "Gran Canaria ESP"]
[Date "2011.04.24"]
[Round "9.24"]
[White "Sanchez Montesdeoca, Isaac"]
[Black "Arnaiz Yanes, Miguel Angel"]
[Result "0-1"]
[WhiteElo "1754"]
[BlackElo "1980"]
[PlyCount "88"]
[EventDate "2011.04.18"]
[EventType "swiss"]
[EventRounds "9"]
[EventCountry "ESP"]
[Source "lmi"]
[SourceDate "2011.04.18"]

1. e4 e5 2. Nf3 Nc6 3. d4 exd4 4. Nxd4 Bc5 5. Nxc6 Qf6 6. Qd2 dxc6 7. Bd3 Nh6
8. O-O Ng4 9. c3 Be6 10. Qf4 O-O-O 11. Be2 Qg6 12. Bxg4 Bxg4 13. Be3 Be7 14.
Nd2 Rhe8 15. Rfe1 h6 16. Nc4 Qe6 17. Qg3 g5 18. Ne5 Bh5 19. Nc4 Bg6 20. Nd2 Rd3
21. Qf3 g4 22. Qe2 Red8 23. Bd4 Rxd2 24. Qxd2 c5 25. Qd3 cxd4 26. cxd4 Qb6 27.
d5 Bc5 28. Re2 Bd4 29. Qc4 Be5 30. Rd1 f6 31. Kf1 Be8 32. a4 a5 33. b3 Kb8 34.
Red2 h5 35. Rd3 Bg6 36. Re1 h4 37. Red1 Bxh2 38. Rc3 Be5 39. Rcd3 g3 40. R3d2
Bh5 41. Re1 Bg4 42. Qd3 Qb4 43. Rc1 Bf4 44. Qc2 Qxd2 0-1